Konsep uang dan kebijakan moneter dalam Islam : studi atas pemikiran M.A. Choudhury /
محفوظ في:
| المؤلف الرئيسي: | |
|---|---|
| التنسيق: | أطروحة |
| اللغة: | Indonesian |
| منشور في: |
Jakarta :
Universitas Islam Negeri (UIN) Syarif Hidayatullah,
2004
|
| الموضوعات: | |
| الوسوم: |
إضافة وسم
لا توجد وسوم, كن أول من يضع وسما على هذه التسجيلة!
|
| LEADER | 014170000a22003250004500 | ||
|---|---|---|---|
| 001 | 481738 | ||
| 005 | 20230419151635.0 | ||
| 008 | t2004 io g m 0 ind | ||
| 035 | |a (Sirsi) 481738 | ||
| 040 | |a UIAM |b eng | ||
| 041 | |a ind | ||
| 043 | |a a-io-- | ||
| 050 | |a HG221 | ||
| 100 | 1 | |a Khopiatuziadah |9 72839 | |
| 245 | 1 | 0 | |a Konsep uang dan kebijakan moneter dalam Islam : |b studi atas pemikiran M.A. Choudhury / |c oleh Khopiatuziadah |
| 260 | |a Jakarta : |b Universitas Islam Negeri (UIN) Syarif Hidayatullah, |c 2004 | ||
| 300 | |a vi, 173 leaves ; |c 30 cm. | ||
| 336 | |2 rdacontent | ||
| 337 | |2 rdamedia | ||
| 338 | |2 rdacarrier | ||
| 500 | |a "Program Studi Ekonomi Islam Program Pascasarjana Universitas Islam Negeri (UIN) Syarif Hidayatullah, Jakarta"--On t.p | ||
| 502 | |a Tesis (MA) -- Universitas Islam Negeri (UIN) Syarif Hidayatullah, 2004 | ||
| 504 | |a Includes bibliographical references (leaves 167-173). | ||
| 650 | 0 | |a Money |x Islamic perspectives |9 34243 | |
| 655 | |a Theses, Facsimile edition (Islamic) | ||
| 900 | |a hj-ls-amr-naw | ||
| 942 | |2 lcc |n 0 | ||
| 999 | |c 433965 |d 464411 | ||
| 952 | |0 0 |6 TI HG221 K45K 2004 |7 0 |8 THESES |9 754810 |a IIUM |b IIUM |c MULTIMEDIA |g 259.00 |o ti HG221 K45K 2004 |p 00011160717 |r 2017-10-23 |t 1 |v 259.00 |y THESIS | ||
| 952 | |0 0 |6 TI HG221 K45K 2004 |7 0 |8 THESES |9 757401 |a IIiBFL |b IIiBFL |c CLOSEACCES |g 259.00 |o ti HG221 K45K 2004 |p 00011160720 |r 2017-10-30 |t 1 |v 259.00 |y THESIS | ||
